|
|
|
|
| LEADER |
00000cam a2200000 a 4500 |
| 001 |
vtls001491604 |
| 003 |
SK-MaSNL |
| 005 |
20260302073810.0 |
| 008 |
251201s2004 xo o g 000 0dslo |
| 015 |
|
|
|a SNBE2005/03-00764
|
| 020 |
|
|
|a 8096923153
|q (brož.)
|
| 035 |
|
|
|a AAEF1931-3C1E-4688-8A2C-1DEFF119BFAB
|
| 035 |
|
|
|a urn:nbn:sk:snk-amybj6
|
| 035 |
|
|
|a urn:nbn:sk:snk-am00cdxa
|
| 040 |
|
|
|a SNK
|b slo
|c SNK
|e AACR2
|
| 041 |
0 |
|
|a slo
|a hun
|
| 043 |
|
|
|a e-xo---
|
| 044 |
|
|
|a xo
|c SK
|
| 072 |
|
7 |
|a 373.5/.6
|x Stredné školy
|2 konspekt
|
| 080 |
|
|
|a (437.6)
|2 2001
|
| 080 |
|
|
|a (082.2)
|2 2001
|
| 080 |
|
|
|a 373.6:33
|2 2001
|
| 245 |
0 |
0 |
|a Obchodná akadémia Rimavská Sobota - 50
|b [voľné pokračovanie jubilejnej publikácie z roku 1979]
|c [zostavil: Katarína Mattyašovská ; spolupracovali Klára Bartová ... [et al.] ; grafická úprava: Lujza Zelezníková ; preklad do maďarského jazyka: Ildikó Kovácsová, Titanilla Bődová]
|
| 246 |
3 |
1 |
|a Kereskedelmi akadémia Rimaszombat
|
| 250 |
|
|
|a [1. vyd.]
|
| 260 |
|
|
|a V Rimavskej Sobote
|b Obchodná akadémia
|c 2004
|
| 300 |
|
|
|a 157 s.
|b fotogr.
|c 28 cm
|
| 366 |
|
|
|e 700 výt.
|
| 500 |
|
|
|a Názov z obalu
|
| 500 |
|
|
|a Vydané pri príležitosti 50. výročia založenia školy
|
| 546 |
|
|
|a Súbežný text v maďarčine
|
| 546 |
|
|
|a Súbežný názov v maďarčine
|
| 610 |
2 |
7 |
|a Obchodná akadémia (Rimavská Sobota, Slovensko)
|2 SNKPH
|9 738634
|
| 650 |
0 |
7 |
|a obchodné akadémie
|2 SNKPH
|9 68296
|
| 650 |
0 |
7 |
|a Secondary business schools
|2 SNKPHeng
|9 327576
|
| 651 |
|
7 |
|a Rimavská Sobota (Slovensko)
|2 SNKPH
|9 28655
|
| 651 |
|
7 |
|a Rimavská Sobota (Slovakia)
|2 SNKPHeng
|9 118239
|
| 655 |
|
7 |
|a jubilejné publikácie
|2 SNKPH
|9 70339
|
| 655 |
|
7 |
|a Jubilee books
|2 SNKPHeng
|9 281827
|
| 700 |
1 |
|
|a Mattyašovská, Katarína
|4 com
|9 738635
|
| 700 |
1 |
|
|a Bartová, Klára
|4 clb
|9 738636
|
| 700 |
1 |
|
|a Tomčová, Blanka
|4 clb
|9 738637
|
| 700 |
1 |
|
|a Juhászová, Erika
|4 clb
|9 738638
|
| 700 |
1 |
|
|a Danis, Tamás
|4 clb
|9 307778
|
| 700 |
1 |
|
|a Zelezníková, Lujza
|4 bkd
|9 738639
|
| 700 |
1 |
|
|a Kovácsová, Ildikó
|4 trl
|9 738640
|
| 700 |
1 |
|
|a Bőd, Titanilla,
|d 1983-
|4 trl
|9 118485
|
| 752 |
|
|
|a Slovensko
|d Rimavská Sobota
|
| 852 |
|
|
|a Štátna vedecká knižnica v Banskej Bystrici
|
| 919 |
|
|
|a 80-969231-5-3
|
| 999 |
|
|
|c 1162447
|d 1164377
|
| 952 |
|
|
|a SNK
|b SNK
|y PREZ
|7 0
|p 17A0456287
|o snkSB 69915
|i snk2005/1602
|8 0
|0 0
|1 0
|4 0
|d 2005-02-01
|f 1
|l 0
|r 2025-04-25 00:00:00
|w 2026-02-24
|
| 952 |
|
|
|a SNK
|b SNK
|y VYP
|7 0
|p 17A0456288
|o snkSB 69915 D1
|i snk2005/1603
|8 0
|0 0
|1 0
|4 0
|d 2005-02-01
|l 0
|r 2016-06-30 00:00:00
|w 2026-02-24
|